Biohydrogen production from food waste /
Saved in:
| Main Author: | |
|---|---|
| Format: | Thesis Book |
| Language: | English |
| Published: |
2014
|
| Subjects: | |
| Tags: |
Add Tag
No Tags, Be the first to tag this record!
|
| LEADER | 01193cam a2200313 i 4500 | ||
|---|---|---|---|
| 001 | u1009717 | ||
| 003 | SIRSI | ||
| 005 | 201502041638 | ||
| 008 | 150204s2014 my a m 000 0 eng | ||
| 040 | |a UMM |d AUM |e rda | ||
| 090 | |a QE7 |b UM 2014 God | ||
| 100 | 1 | |a Godday, Osuagwu Chiemeriwo, |e author. | |
| 245 | 1 | 0 | |a Biohydrogen production from food waste / |c Osuagwu Chiemeriwo Godday |
| 264 | 1 | |c 2014 | |
| 264 | 4 | |c 2014 | |
| 300 | |a xix, 130 leaves : |b illustrations ; |c 30 cm | ||
| 336 | |a text |2 rdacontent | ||
| 337 | |a unmediated |2 rdamedia | ||
| 338 | |a volume |2 rdacarrier | ||
| 502 | |b M.Tech.(Envir.Mgmt.)) -- |c Institut Sains Biologi, Fakulti Sains, Universiti Malaya, |d 2014. | ||
| 504 | |a Bibliography: leaves 108-130. | ||
| 530 | |a Also issued in CD. | ||
| 650 | 0 | |a Biomass energy | |
| 650 | 0 | |a Renewable energy sources | |
| 710 | 2 | |a Universiti Malaya. |b Fakulti Sains, |e degree granting institution. | |
| 900 | |a NSR | ||
| 596 | |a 1 25 | ||
| 999 | |a QE7 UM 2014 GOD |w LC |c 1 |i A516174161 |d 4/5/2016 |f 4/5/2016 |g 1 |l STACKS |m P01UTAMA |r Y |s Y |t TESIS |u 3/5/2016 |1 STEM | ||
| 999 | |a QE7 UM 2014 GOD |w LC |c 1 |i A516811115 |f 8/3/2023 |g 1 |l STACKS |m P25UMARCHI |r N |s Y |t CD |u 5/7/2017 |1 STEM |2 GIFT |o .STAFF. MST-CD1981 | ||
